Decreto emanado por José María García, general de brigada, gobernador y comandante general del Estado de Oaxaca... hago saber: que conforme á la prevencion 4° del art. 11 de la sección 4° del estatuto provisional del mismo, he tenido á bien espedir, de acuerdo con el Escmo. Consejo, el decreto siguiente: Artículo 1° La corte de justicia y los juzgados inferiores se organizarán con total arreglo á las leyes que regian en el Estado el dia 31 de enero de 1853... Palacio del gobierno de Oaxaca, septiembre 22 de 1855

Detalles Bibliográficos
Autor principal: García, José María
Otros Autores: Márquez, Cenobio
Formato: Libro
Lenguaje:Spanish
Publicado: Oaxaca : s.n., 1855.
Materias:
Colección:Banco de datos
Acervo:Universidad Autónoma Benito Juárez de Oaxaca. Biblioteca Francisco de Burgoa. Colección pliegos sueltos
Descripción Física:4 h. ; (21 x 15 cm.)
Tema general:Derecho civil
Notas:Texto a renglón seguido
LEADER 01380nam a22002170004500
035 |a 58 
041 0 |a spa 
100 1 |a García, José María 
240 0 0 |a Decreto, 1855-09-22 
245 1 0 |a Decreto emanado por José María García, general de brigada, gobernador y comandante general del Estado de Oaxaca... hago saber: que conforme á la prevencion 4° del art. 11 de la sección 4° del estatuto provisional del mismo, he tenido á bien espedir, de acuerdo con el Escmo. Consejo, el decreto siguiente: Artículo 1° La corte de justicia y los juzgados inferiores se organizarán con total arreglo á las leyes que regian en el Estado el dia 31 de enero de 1853... Palacio del gobierno de Oaxaca, septiembre 22 de 1855 
260 |a Oaxaca : s.n., 1855. 
300 |a 4 h. ; (21 x 15 cm.) 
500 |a Texto a renglón seguido 
504 |a Este documento impreso no tiene portada sino una rúbrica o título de partida al comienzo del texto de donde se ha tomado el título 
610 1 4 |a Gobierno del Estado de Oaxaca (México) 
650 1 0 |a Derecho civil 
700 1 |a Márquez, Cenobio 
852 |a Universidad Autónoma "Benito Juárez" de Oaxaca, Biblioteca Francisco de Burgoa, Colección pliegos sueltos 24955 
942 |c BURPLI 
943 |g Universidad Autónoma Benito Juárez de Oaxaca. Biblioteca Francisco de Burgoa. Colección pliegos sueltos 
999 |c 1126330  |d 1126330